A4 Autostrada Serenissima (mappa) - Morte improvvisa - Statistics

Statistiche generali
  • Questo quiz è stato fatto 468 volte
  • Il punteggio medio è 4 su 15
Answers on the Grid
Answers color-coded by a green-red scale on the quiz's grid according to % correct below.
 
Statistiche sulle risposte
Risposta % Corretto
49%
48%
47%
41%
29%
24%
23%
23%
20%
19%
15%
13%
11%
5%
5%
Nessun quiz corrispondente trovato
Distribuzione punteggi
Percentuale di utenti per punteggio
Percentile per numero di risposta
I tuoi punteggi nel tempo
Non hai fatto questo quiz